000 00852nam a2200265 i 4500
001 77512
003 ES-MaACL
005 20251122063117.0
007 t|
008 041019s2004 sp ||||1| spa d
020 _a84-96152-31-6
080 _a821.111-94"18"
080 _a914.60"18"
100 1 _aBlanco White, José María,
_d1775-1841
_929306
245 1 0 _aCartas de España /
_cJosé Blanco White ; traducción, introducción y notas de Antonio Garnica.
250 _a1ª ed.
260 _a[Sevilla] :
_bFundación José Manuel Lara,
_c2004.
300 _aXCIII, 402 p. ;
_c23 cm.
490 1 _aClásicos andaluces
651 4 _aEspaña-
_xDescripción-
_yS.XIX.
_98185
700 1 _aGarnica, Antonio.
_9199697
830 0 _aClásicos andaluces
_9184749
852 _aES-MaACL
_jL-28295
_bR.134286
999 _c77512
_d77512